BIBLIOTECA “JULIO CORTÁZAR”
ESCUELA AGROTÉCNICA “LIBERTADOR GENERAL SAN MARTÍN” - UNR – CASILDA

Logo Escuela Logo UNR

La cruzada de los ninños / (Record no. 2441)

MARC details
000 -LEADER
campo de control de longitud fija 00755nam#a22002535a#4500
001 - NÚMERO DE CONTROL
campo de control 2441
020 ## - NÚMERO INTERNACIONAL ESTÁNDAR DEL LIBRO
Número Internacional Estándar del Libro 9789872901066
080 ## - NÚMERO DE LA CLASIFICACIÓN DECIMAL UNIVERSAL
Número de la Clasificación Decimal Universal 82-1
084 ## - OTRO NÚMERO DE CLASIFICACIÓN
Número de clasificación B81
040 ## - FUENTE DE CATALOGACIÓN
Centro catalogador/agencia de origen AR-ClEAG
Centro/agencia transcriptor AR-ClEAG
008 - DATOS DE LONGITUD FIJA--INFORMACIÓN GENERAL
campo de control de longitud fija 141027s2014####ag############000#0#und#d
005 - FECHA Y HORA DE LA ÚLTIMA TRANSACCIÓN
campo de control 20241107184744.0
003 - IDENTIFICADOR DE NÚMERO DE CONTROL
campo de control AR-ClEAG
100 1# - ENTRADA PRINCIPAL--NOMBRE DE PERSONA
Nombre de persona Brecht, Bertolt.
245 10 - MENCIÓN DEL TÍTULO
Título La cruzada de los ninños /
Mención de responsabilidad, etc. Bertolt Brecht ; adaptado por Moka Seco Reeg ; ilustrado por Carmen Solé Vendrell.
250 ## - MENCION DE EDICION
Mención de edición 1ª edic.
260 ## - PUBLICACIÓN, DISTRIBUCIÓN, ETC.
Lugar de publicación, distribución, etc. Buenos Aires :
Nombre del editor, distribuidor, etc. El Jinete Azul,
Fecha de publicación, distribución, etc. 2014.
300 ## - DESCRIPCIÓN FÍSICA
Extensión 36 p. ;
Otras características físicas il. byn. ;
Dimensiones 29 cm.
500 ## - NOTA GENERAL
Nota general Pertenece a la colección Juan Gelman.
653 ## - TÉRMINO DE INDIZACIÓN--NO CONTROLADO
Término no controlado Poesía Alemana
700 1# - ENTRADA AGREGADA--NOMBRE PERSONAL
Nombre de persona Seco Reeg, Moka.
Relación adp
700 1# - ENTRADA AGREGADA--NOMBRE PERSONAL
Nombre de persona Solé Vendrell, Carmen.
Relación ill
942 ## - ELEMENTOS DE ENTRADA SECUNDARIOS (KOHA)
Tipo de ítem Koha Libros
980 ## - EQUIVALENCIA O REFERENCIA-CRUZADA-MENCIÓN DE SERIE--NOMBRE DE PERSONA/TÍTULO [LOCAL, CANADÁ]
Enlace 2
Nombre de persona Evangelina Gallicchio
Enlace entre campo y número de secuencia 2
Información miscelánea Evangelina Gallicchio
Holdings
Estatus retirado Estado de pérdida Fuente del sistema de clasificación o colocación Estado de daño No para préstamo Biblioteca de origen Biblioteca actual Ubicación en estantería Fecha de adquisición Número de inventario Total de préstamos Signatura topográfica completa Código de barras Visto por última vez Precio de reemplazo Tipo de ítem Koha
    Clasificación decimal universal     Julio Cortázar Julio Cortázar   07/11/2024 4533   R20 82-1 B81 4533 07/11/2024 07/11/2024 Libros

Contacto

Biblioteca Julio Cortázar. Escuela Agrotécnica "Libertador San Martín". Universidad Nacional de Rosario
Dirección: Ov. Lagos 1000 - 2170 Casilda - Santa Fe - Argentina
Tel: (54) (03464) 422226.
Fax: (54) (03464) 427789.
E-Mail: biblio-eac@unr.edu.ar